Statistics for Mammals of Minnesota

Click here to take the quiz!

General Stats

  • This quiz has been taken 36 times
  • The average score is 16 of 37

Answer Stats

Answers% Correct
Moose
89%
Black bear
85%
Beaver
67%
Elk
63%
Raccoon
63%
Red fox
59%
Red squirrel
59%
Coyote
56%
Gray squirrel
56%
Chipmunk
52%
Bobcat
52%
Gray wolf
52%
Porcupine
48%
Mink
48%
Muskrat
48%
White-tailed deer
48%
Canada lynx
44%
Thirteen-lined ground squirrel
44%
Gray fox
41%
Groundhog
37%
Mole
37%
Weasel
37%
Fisher
33%
Pine marten
33%
Bison
33%
River otter
30%
Cougar
30%
Fox squirrel
30%
White-tailed jack rabbit
26%
Opossum
26%
Flying squirrel
26%
Eastern cottontail
22%
Shrew
19%
Snowshoe hare
19%
Bat
19%
Striped skunk
15%
Eastern spotted skunk
15%

Score Distribution

Percentile by Number Answered

Percent of People with Each Score

Your Score History

You have not taken this quiz